| 000 | 004120000a22001690004500 | ||
|---|---|---|---|
| 003 | LK-CoMWRAF | ||
| 008 | 230817t ||||| |||| 00| 0 eng d | ||
| 020 | _a1567312381 | ||
| 040 |
_aLK-CoMWRAF _dLK-CoMWRAF _eLK-CoMWRAF |
||
| 041 | _aeng | ||
| 082 |
_a095 _bBEA |
||
| 100 | _aBeattie, Melody | ||
| 245 |
_aThe Language of Letting go _b |
||
| 260 |
_bMJF Books _aNew York _c1990 |
||
| 300 | _ap.393 | ||
| 942 | _cBK | ||
| 999 |
_c1387 _d1387 |
||